000 00544nam a2200181Ia 4500
001 20209
005 20260306172749.0
008 260306t2011||||xx |||||||||||||| ||spa||
041 _aESP
082 _a343
_bD283
100 _aDuguit, Léon
_eAUT
245 0 _aLecciones de derecho público general:
_bimpartidas en la facultad de derecho de la universidad egipcia durante los meses de enero, febrero y marzo de 1926
260 _c2011
300 _a211 páginas :
_c24 cm.
650 _aGEN
654 _aCDE
942 _cLIB
_dJUS
_fJUS
_2ddc
_n
999 _c20209
_d20209